Scottish country houses and castles
Guardado en:
| Autor principal: | |
|---|---|
| Formato: | Libro |
| Lenguaje: | inglés |
| Publicado: |
Londres
Collins
1967
|
| Materias: | |
| Etiquetas: |
Agregar Etiqueta
Sin Etiquetas, Sea el primero en etiquetar este registro!
|
MARC
| LEADER | 00000nam a2200000 a 4500 | ||
|---|---|---|---|
| 001 | UCZ4098 | ||
| 003 | CL-VaPUC | ||
| 008 | 951106e19670000UK |||||||||||||||||eng|d | ||
| 082 | 0 | 4 | |a 728.81 |b FOR |2 21 |
| 100 | 0 | |a Forman, Sheila |e author |9 348015 | |
| 245 | 1 | 0 | |a Scottish country houses and castles |
| 300 | |a 176 p | ||
| 942 | |c BK | ||
| 945 | |d 19951106 00:00:00 |a rleighto | ||
| 260 | |a Londres |b Collins |c 1967 | ||
| 650 | 0 | |a Arquitectura |9 804558 | |
| 650 | 0 | |a Bellas artes |9 334299 | |
| 650 | 7 | |a CASTILLOS |2 CL-VaPUC |9 348017 | |
| 650 | 0 | |a Casas |9 348018 | |
| 650 | 0 | |a Cultura |9 269059 | |
| 651 | 7 | |a ESCOCIA |2 CL-VaPUC |9 332669 | |
| 583 | |a last modification |c 19951106 00:00:00 |k Rodrigo Vera | ||
| 999 | |c 240523 |d 240521 | ||
| 952 | |0 0 |1 0 |4 0 |6 728_810000000000000_FOR_1967 |7 0 |8 P |9 252448 |a BIBARQ |b BIBARQ |d 2019-11-18 |i 3142647 |o 728.81 FOR 1967 |p 3142647 |r 2025-01-20 |w 2019-11-18 |y BK |k ARQ | ||